A story to tell. (Record no. 111162)
[ view plain ]
| 000 -LEADER | |
|---|---|
| fixed length control field | 00292nam a2200121 a 4500 |
| 005 - DATE AND TIME OF LATEST TRANSACTION | |
| control field | 20140414131910.0 |
| 008 - FIXED-LENGTH DATA ELEMENTS--GENERAL INFORMATION | |
| fixed length control field | 101011s19uu xx 00 eng d |
| 050 ## - LIBRARY OF CONGRESS CALL NUMBER | |
| Classification number | ER |
| Item number | St6 2004 |
| 100 ## - MAIN ENTRY--PERSONAL NAME | |
| Personal name | Bruna, Dick |
| 245 ## - TITLE STATEMENT | |
| Title | A story to tell. |
| 260 ## - PUBLICATION, DISTRIBUTION, ETC. (IMPRINT) | |
| Name of publisher, distributor, etc | Methuen Cildren's books. |
| Withdrawn status | Lost status | Damaged status | Home library | Current library | Shelving location | Date acquired | Total Checkouts | Full call number | Barcode | Date last seen | Price effective from | Koha item type |
|---|---|---|---|---|---|---|---|---|---|---|---|---|
| Munich Library | Munich Library | Easy Reading Section | 10/11/2010 | ER St6 2004 | M1749 | 04/14/2014 | 04/14/2014 | Books |